Statistics for 10 Biggest Cities in Order: Mexico

Click here to take the quiz!

General Stats

  • This quiz has been taken 29 times
  • The average score is 5 of 10

Answer Stats

# Answer % Correct
1Mexico City
100%
5Guadalajara
70%
9Monterrey
65%
2Ecatepec de Morelos
60%
3Tijuana
55%
4Puebla
55%
7Ciudad Juarez
55%
6Leon
45%
8Zapopan
20%
10Nezahualc├│yotl
10%

Score Distribution

Percentile by Number Answered

Percent of People with Each Score

Your Score History

You have not taken this quiz